<?xml version="1.0" encoding="UTF-8"?>
<collection xmlns="http://www.loc.gov/MARC21/slim">
 <record>
  <leader>     na                 </leader>
  <controlfield tag="001">INLIS000000000021371</controlfield>
  <controlfield tag="005">20230621101302</controlfield>
  <datafield tag="035" ind1=" " ind2=" ">
   <subfield code="a">0010-0623000119</subfield>
  </datafield>
  <controlfield tag="007">ta</controlfield>
  <controlfield tag="008">230621                g          0 ind  </controlfield>
  <datafield tag="020" ind1=" " ind2=" ">
   <subfield code="a">978-623-225-091-8</subfield>
  </datafield>
  <datafield tag="082" ind1=" " ind2=" ">
   <subfield code="a">635.986</subfield>
  </datafield>
  <datafield tag="084" ind1=" " ind2=" ">
   <subfield code="a">635.986 WIJ b</subfield>
  </datafield>
  <datafield tag="100" ind1="0" ind2=" ">
   <subfield code="a">Wijaya</subfield>
   <subfield code="e">Pengarang</subfield>
  </datafield>
  <datafield tag="245" ind1="1" ind2=" ">
   <subfield code="a">Buah Di Pekarangan Rajin Berbuah</subfield>
  </datafield>
  <datafield tag="250" ind1=" " ind2=" ">
   <subfield code="a">Cetakan 1</subfield>
  </datafield>
  <datafield tag="300" ind1=" " ind2=" ">
   <subfield code="a">iv + 68 halaman :</subfield>
   <subfield code="b">Ilustrasi [Warna] ;</subfield>
   <subfield code="c">20 cm</subfield>
  </datafield>
  <datafield tag="650" ind1=" " ind2="4">
   <subfield code="a">Tanaman Buah</subfield>
  </datafield>
  <datafield tag="520" ind1=" " ind2=" ">
   <subfield code="a">Tanaman buah sangat mudah ditanam dan tidak memerlukan perawatan khusus. Apabila lahan pekarangan luas maka tanaman buah bisa langsung ditanam ke tanah tetapi jika pekarangan sempit menanam buah dapat dilakukan di dalam pot atau tabulampot.&#13;
Tanaman buah dalam pot menjadi solusi jika ingin memiliki tanaman buah dengan lahan yang terbatas. Tanaman buah dalam pot tidak akan mengganggu tanaman lainnya, karena semua akar hanya hidup dalam pot. Semua nutrisi yang dibutuhkan dapat dipenuhi dengan memberikan pupuk sesuai kebutuhan ke dalam pot serta penanggulangan hama sangat mudah dan dapat dipantau.&#13;
&#13;
Menanam tanaman buah di pekarangan sebagai salah satu bentuk konservasi keanekaragaman hayati. Tanaman buah menciptakan suasana yang sejuk, hijau, indah dan asri sehingga menambah kenyamanan. Daun pada tanaman buah akan menyerap karbondioksida yang terdapat pada udara dan diubah menjadi oksigen melalui reaksi fotosintesis. Hasil panen tanaman buah dapat dikonsumsi sebagai salah satu sumber pangan sehingga dapat meningkatkan pemenuhan gizi mikro.&#13;
&#13;
Buku ini akan memberi gambaran kepada pembaca untuk memilih buah yang cocok ditanam di pekarangan dengan memperhatikan kondisi ketinggian tempat tinggal dan syarat tumbuhnya. Tidak hanya itu, buku ini menjelaskan cara bertanam tanaman buah di pot dan lahan pekarangan secara langsung dengan memperhatikan keindahan penampilan pekarangan. Di dalamnya dibahas cara perawatan dan pemberantasan hama serta penyakit yang sering menyerang.</subfield>
  </datafield>
  <datafield tag="264" ind1=" " ind2=" ">
   <subfield code="a">Jakarta :</subfield>
   <subfield code="b">Penebar Swadaya,</subfield>
   <subfield code="c">2021</subfield>
  </datafield>
  <datafield tag="336" ind1=" " ind2=" ">
   <subfield code="2">rdacontent</subfield>
   <subfield code="a">Teks</subfield>
  </datafield>
  <datafield tag="337" ind1=" " ind2=" ">
   <subfield code="2">rdamedia</subfield>
   <subfield code="a">Tanpa Perantara</subfield>
  </datafield>
  <datafield tag="338" ind1=" " ind2=" ">
   <subfield code="2">rdacarrier</subfield>
   <subfield code="a">Lembar</subfield>
  </datafield>
  <datafield tag="504" ind1=" " ind2=" ">
   <subfield code="a">67 halaman</subfield>
  </datafield>
  <datafield tag="505" ind1=" " ind2=" ">
   <subfield code="a">1. Tanaman Buah ynag cocok ditanam di pekarangan &#13;
2. Menyiapkan BIbit &#13;
3. Wadah dan Media Tanam &#13;
4. 9 Tanaman Buah Favorit</subfield>
  </datafield>
  <datafield tag="990" ind1=" " ind2=" ">
   <subfield code="a">075470</subfield>
  </datafield>
  <datafield tag="990" ind1=" " ind2=" ">
   <subfield code="a">075469</subfield>
  </datafield>
 </record>
</collection>
